000 00293nam a22001217a 4500
008 190313b xxu||||| |||| 00| 0 eng d
041 _aeng
080 _a043.3
100 _a0
101 _aINI-BA
245 _aOrganizimi i ndërtimit të objektit shumebanesor
_cMehmeti,S
942 _2udc
_cBK
999 _c54735
_d54735